Implementation of Methods of Assessing Effectiveness in the Selected Industry
Uložené v:
| Hlavný autor: | |
|---|---|
| Ďalší autori: | , , , |
| Médium: | Kapitola |
| Jazyk: | English |
| Predmet: | |
| Tagy: |
Žiadne tagy, Buďte prvý, kto otaguje tento záznam!
|
MARC
| LEADER | 00000naa a2200000 4500 | ||
|---|---|---|---|
| 001 | 0184213 | ||
| 005 | 20240502083434.9 | ||
| 041 | 0 | |a eng | |
| 044 | |a FR | ||
| 245 | 1 | 0 | |a Implementation of Methods of Assessing Effectiveness in the Selected Industry |c Zuzana Hajduová, Marek Andrejkovič, Pavol Andrejovský, Roman Lacko, Stela Beslerová |
| 610 | 2 | 0 | |a Slovensko |
| 610 | 2 | 0 | |a zdravotníctvo |
| 610 | 2 | 0 | |a služby zdravotnícke |
| 610 | 2 | 0 | |a politika zdravotná |
| 610 | 2 | 0 | |a financovanie |
| 610 | 2 | 0 | |a efektívnosť |
| 610 | 2 | 0 | |a modely matematické |
| 100 | 1 | |a Hajduová, Zuzana, 1974- | |
| 700 | 1 | |a Andrejkovič, Marek | |
| 700 | 1 | |a Andrejovský, Pavol, 1975- | |
| 700 | 1 | |a Lacko, Roman, 1988- | |
| 700 | 1 | |a Beslerová, Stela | |